00381nam a2200157Ia 4500003000400000005001700004008004100021040000700062041001200069082001700081100002000098245002700118260004600145365001300191700001900204OSt20251004162005.0210423s2007 xx 000 0 und d cAL aEnglish a302.2 bPRAM aNaval Prabhakar aMass media and society aNew DelhibCommonwealth Publicationc2007 b850cINR aBasu, Narendra